El hombrecito del agua

Uloženo v:
Podrobná bibliografie
Hlavní autor: Phillips, Myriam (Autor)
Médium: Kniha
Jazyk:španělština
Vydáno: Viña del Mar Don Quijote 1993
Témata:
Tagy: Přidat tag
Žádné tagy, Buďte první, kdo vytvoří štítek k tomuto záznamu!

MARC

LEADER 00000nam a2200000 a 4500
001 UCX7014
003 CL-VaPUC
008 930910e19930000CL |||||||||||||||||spa|d
082 0 4 |a Ch863  |b PHI  |2 21 
100 0 |a Phillips, Myriam  |e author  |9 323737 
245 1 3 |a El hombrecito del agua 
300 |a 44 p 
942 |c BK 
945 |d 19930910 00:00:00 
260 |a Viña del Mar  |b Don Quijote  |c 1993 
650 0 |a Novelas chilenas   |9 265425 
583 |a last modification  |c 19930910 00:00:00  |k Rodrigo Vera 
999 |c 226936  |d 226934 
952 |0 0  |1 0  |4 0  |6 CH_863_000000000000000_PHI_1993  |7 0  |8 A  |9 225644  |a BIBEDU  |b BIBEDU  |c ES_NOD  |d 2019-11-15  |i 2942852  |o Ch863 PHI 1993  |p 2942852  |r 2023-08-09  |w 2019-11-15  |y BK  |k LIT 
952 |0 0  |1 0  |4 0  |6 CH_863_000000000000000_PHI_1993  |7 0  |8 A  |9 225645  |a BIBEDU  |b BIBEDU  |c ES_NOD  |d 2019-11-15  |i 2942860  |l 1  |o Ch863 PHI 1993  |p 2942860  |r 2024-03-05  |s 2023-11-22  |w 2019-11-15  |y BK  |k LIT 
952 |0 0  |1 0  |4 0  |6 CH_863_000000000000000_PHI_1993  |7 0  |8 A  |9 225646  |a BIBEDU  |b BIBEDU  |c ES_NOD  |d 2019-11-15  |i 3089835  |o Ch863 PHI 1993  |p 3089835  |r 2023-08-09  |w 2019-11-15  |y BK  |k LIT 
952 |0 0  |1 0  |4 0  |6 CH_863_000000000000000_PHI_1993  |7 0  |8 A  |9 225647  |a BIBEDU  |b BIBEDU  |c ES_NOD  |d 2019-11-15  |i 3450511  |o Ch863 PHI 1993  |p 3450511  |r 2023-08-09  |w 2019-11-15  |y BK  |k LIT 
952 |0 0  |1 0  |4 0  |6 CH_863_000000000000000_PHI_1993  |7 0  |8 A  |9 225648  |a BIBEDU  |b BIBEDU  |c ES_NOD  |d 2019-11-15  |i 4190467  |l 1  |o Ch863 PHI 1993  |p 4190467  |r 2023-11-22  |s 2023-11-22  |w 2019-11-15  |y BK  |k LIT